The graphic standards guide to architectural finishes : (Record no. 8312)
[ view plain ]
| 000 -LEADER | |
|---|---|
| fixed length control field | 01123cam a22002894a 4500 |
| 001 - CONTROL NUMBER | |
| control field | 12737013 |
| 005 - DATE AND TIME OF LATEST TRANSACTION | |
| control field | 20251121182134.0 |
| 008 - FIXED-LENGTH DATA ELEMENTS--GENERAL INFORMATION | |
| fixed length control field | 020411s2002 njua 000 0 eng |
| 020 ## - INTERNATIONAL STANDARD BOOK NUMBER | |
| International Standard Book Number | 0471227668 |
| Qualifying information | alk. paper |
| 020 ## - INTERNATIONAL STANDARD BOOK NUMBER | |
| International Standard Book Number | 9780471227663 |
| Qualifying information | (alk. paper) |
| 050 00 - LIBRARY OF CONGRESS CALL NUMBER | |
| Classification number | TH2521 |
| Item number | .G69 2002 |
| 082 00 - DEWEY DECIMAL CLASSIFICATION NUMBER | |
| Classification number | 721/.021/8 |
| Edition information | 21 |
| 245 04 - TITLE STATEMENT | |
| Title | The graphic standards guide to architectural finishes : |
| Remainder of title | using Masterspec to evaluate, select, and specify materials / |
| Statement of responsibility, etc. | ARCOM, the American Institute of Architects ; editor, Elena M.S. Garrison. |
| 260 ## - PUBLICATION, DISTRIBUTION, ETC. | |
| Place of publication, distribution, etc. | Hoboken, N.J. : |
| Name of publisher, distributor, etc. | J. Wiley, |
| Date of publication, distribution, etc. | c2002. |
| 300 ## - PHYSICAL DESCRIPTION | |
| Extent | ix, 271 p. : |
| Other physical details | ill. ; |
| Dimensions | 30 cm. |
| 650 #0 - SUBJECT ADDED ENTRY--TOPICAL TERM | |
| Topical term or geographic name entry element | Flooring |
| General subdivision | Standards. |
| 650 #0 - SUBJECT ADDED ENTRY--TOPICAL TERM | |
| Topical term or geographic name entry element | Ceilings |
| General subdivision | Standards. |
| 650 #0 - SUBJECT ADDED ENTRY--TOPICAL TERM | |
| Topical term or geographic name entry element | Paneling |
| General subdivision | Standards. |
| 650 #0 - SUBJECT ADDED ENTRY--TOPICAL TERM | |
| Topical term or geographic name entry element | Paint |
| General subdivision | Standards. |
| 650 #0 - SUBJECT ADDED ENTRY--TOPICAL TERM | |
| Topical term or geographic name entry element | Drywall |
| General subdivision | Standards. |
| 700 1# - ADDED ENTRY--PERSONAL NAME | |
| Personal name | Garrison, Elena M. S. |
| 710 2# - ADDED ENTRY--CORPORATE NAME | |
| Corporate name or jurisdiction name as entry element | ARCOM. |
| 710 2# - ADDED ENTRY--CORPORATE NAME | |
| Corporate name or jurisdiction name as entry element | American Institute of Architects. |
| 856 42 - ELECTRONIC LOCATION AND ACCESS | |
| Materials specified | Publisher description |
| Uniform Resource Identifier | <a href="http://www.loc.gov/catdir/description/wiley037/2002005725.html">http://www.loc.gov/catdir/description/wiley037/2002005725.html</a> |
| 856 41 - ELECTRONIC LOCATION AND ACCESS | |
| Materials specified | Table of contents |
| Uniform Resource Identifier | <a href="http://www.loc.gov/catdir/toc/wiley031/2002005725.html">http://www.loc.gov/catdir/toc/wiley031/2002005725.html</a> |
| 942 ## - ADDED ENTRY ELEMENTS (KOHA) | |
| Source of classification or shelving scheme | Library of Congress Classification |
| Koha item type | Books |
| Suppress in OPAC | No |
| 999 ## - | |
| -- | 8312 |
| -- | 8312 |
| Withdrawn status | Lost status | Source of classification or shelving scheme | Damaged status | Not for loan | Collection | Home library | Current library | Shelving location | Date acquired | Total checkouts | Full call number | Barcode | Date last seen | Copy number | Price effective from | Koha item type |
|---|---|---|---|---|---|---|---|---|---|---|---|---|---|---|---|---|
| Library of Congress Classification | Non-fiction | Science Library (Miotso) | Science Library (Miotso) | General stacks | 11/21/2025 | TH2521 .G69 GRA | SLM00005957 | 11/21/2025 | 1 | 11/21/2025 | Books | |||||
| Library of Congress Classification | Non-fiction | Science Library (Miotso) | Science Library (Miotso) | General stacks | 11/21/2025 | TH2521 .G69 GRA | SLM00005958 | 11/21/2025 | 2 | 11/21/2025 | Books | |||||
| Library of Congress Classification | Non-fiction | Science Library (Miotso) | Science Library (Miotso) | General stacks | 11/21/2025 | TH2521 .G69 GRA | SLM00005959 | 11/21/2025 | 3 | 11/21/2025 | Books | |||||
| Library of Congress Classification | Non-fiction | Science Library (Miotso) | Science Library (Miotso) | General stacks | 11/21/2025 | TH2521 .G69 GRA | SLM00005960 | 11/21/2025 | 4 | 11/21/2025 | Books | |||||
| Library of Congress Classification | Non-fiction | Science Library (Miotso) | Science Library (Miotso) | General stacks | 11/21/2025 | TH2521 .G69 GRA | SLM00005961 | 11/21/2025 | 5 | 11/21/2025 | Books |